000 01395nam a2200373 a 4500
001 0000247
003 DO-SdBNP
005 20180306110229.0
007 0000247
008 150130s2010 dr abc 000 0 spa d
020 _a9789945444093
040 _aBPMSU
_bspa
_cBPMSU
092 _a372.7
_bR788m, 7mo. 2010
100 1 _aRosa, María del Jesús de la Rosa
245 1 0 _aMatemática 7 :
_b[educación básica] /
_cMaría del Jesús de la Rosa, Francisca Antonia Medrano ; ilustraciones Ramón Sandoval.
250 _a2a. ed. rev. y actualizada
260 _aSanto Domingo :
_bActualidad Escolar 2000,
_c2010.
300 _a192 p. :
_bil., retrs. ;
_c28 cm.
490 1 _aSigma
500 _aLa biblioteca solamente posee el libro de texto
505 1 _tNúmeros enteros (Z) --
_tNúmeros racionales (Q) --
_tZonas de vida en la República Dominicana --
_tLaguna Cabral o Rincón --
650 _aMATEMÁTICAS
_xENSEÑANZA BÁSICA
650 _aEDUCACIÓN PRIMARIA
_zREPÚBLICA DOMINICANA
650 _aMATEMÁTICAS
_xENSEÑANZA ELEMENTAL
650 _aMATEMÁTICAS
_xLIBRO DE TEXTOS
650 _aMATEMÁTICA
_xESTUDIOS Y EJERCICIOS
700 1 _aMedrano, Francisca Antonia
700 1 _aSandoval, Ramón
_eil.
830 0 _aSigma
910 _aValidado. Control de calidad MFF
942 _2ddc
_cBK
945 _aRemanejado para la BNPHU / 2018 VM
956 _aYLOCKWARD
_b10
999 _c9580
_d9580